Normal view
MARC view
Entry Personal Name
001 - CONTROL NUMBER
- control field: 1233343
003 - CONTROL NUMBER IDENTIFIER
- control field: OSt
005 - DATE AND TIME OF LATEST TRANSACTION
- control field: 20260401122344.0
008 - FIXED-LENGTH DATA ELEMENTS
- fixed length control field: 260401|| aca||aabn | a|a d
040 ## - CATALOGING SOURCE
- Original cataloging agency: OSt
- Transcribing agency: OSt
100 ## - HEADING--PERSONAL NAME
- Personal name: Takeda, Noriko
670 ## - SOURCE DATA FOUND
- Source citation: Work cat.: (OSt)1846742: Takeda, Noriko, Modernist Human: Configuration of Humanness in Stephane Mallarme's Herodiade, T.S. Eliot's Cats, and Modernist Lyrical Poetry
